Online Catalogue and eLibrary

Sri Lanka's Peace process 2002 critical perspectives (Record no. 1385)

MARC details
000 -LEADER
fixed length control field 00245nam a2200097Ia 4500
008 - FIXED-LENGTH DATA ELEMENTS--GENERAL INFORMATION
fixed length control field 240331s9999 xx 000 0 und d
082 ## - DDC Classification
Item Number - Author Mark SRI
100 ## - MAIN ENTRY--PERSONAL NAME
Personal name Uyangoda, J. ed
245 #0 - TITLE STATEMENT
Title Sri Lanka's Peace process 2002 critical perspectives
942 ## - Koha item type (Biblio)
Koha item type Books in Stacks (Lending)

No items available.

© WERC Library